Chemical aspects of plastics recycling /

Guardado en:
Autor Corporativo: Royal Society of Chemistry (Great Britain). Information Services.
Otros Autores: Hoyle, W. (Editor , ed.), Karsa, D. R. 1943-, (Editor , ed.)
Formato: Libro
Idioma:English
Publicado: Cambridge : Royal Society of Chemistry, Information Services, 1997.
Series:Special publication (Royal Society of Chemistry) ; no.199.
Materias:
Etiquetas: Agregar Etiqueta
Sin Etiquetas, Sea el primero en etiquetar este registro!
LEADER 01187nam a22002655a 4500
001 EIQ.libpla003653
008 080222s1997####enka#####b####001#0#eng#d
005 20080222195304.0
245 0 0 |a Chemical aspects of plastics recycling /  |c edited by W. Hoyle, D. R. Karsa. 
260 |a Cambridge :  |b Royal Society of Chemistry, Information Services,  |c 1997. 
300 |a viii, 234p. :  |b il. ;  |c 24 cm. 
490 1 |a Special publication / Royal Society of Chemistry ;  |v no.199 
500 |a "The proceedings of symposium on Chemical aspects of plastics recycling, held in UMNIST, Manchester on 3-4 July 1996". 
504 |a Incluye referencias bibliográficas e índice. 
020 |a 0854047123 
700 1 |a Hoyle, W.  |q (William),  |e ed.  |4 edt 
700 1 |a Karsa, D. R.  |q (David Robert),  |d 1943-,  |e ed.  |4 edt 
710 2 |a Royal Society of Chemistry (Great Britain).  |b Information Services. 
830 0 |a Special publication (Royal Society of Chemistry) ;  |v no.199. 
650 4 |a Plásticos  |x Congresos. 
650 4 |a Plásticos  |x Reciclado. 
650 4 |a Plastics  |x Recycling. 
650 4 |a Plastics  |x Congresses. 
040 |a AR-BbSID  |b spa  |c AR-BbSID 
859 |a AR-BbSID  |b BIB. PLAPIQUI  |h 668.419 2  |i Ch 94  |p 4888